Komparácia vybraných poisťovní na Slovensku
Porovnanie 3 vybraných poisťovní pôsobiacich už niekoľko rokov na slovenskom poistnom trhu. Ide o poisťovne Allianz-Slovenská poisťovňa a.s., Kooperatíva poisťovňa, a.s. a Union poisťovňa, a.s.. Poisťovne sú hodnotené za obdobie rokov 2003 až 2007 a porovnávaný je podiel na trhu a vybrané ukazovatel...
Salvato in:
| Autore principale: | |
|---|---|
| Altri autori: | |
| Natura: | Capitolo di libro |
| Lingua: | slovacco |
| Soggetti: | |
| Tags: |
Nessun Tag, puoi essere il primo ad aggiungerne!!
|
MARC
| LEADER | 00000naa$a2200000$$$4500 | ||
|---|---|---|---|
| 001 | 0084607 | ||
| 005 | 20240502071945.6 | ||
| 041 | 0 | |a slo | |
| 044 | |a SK | ||
| 245 | 1 | 0 | |a Komparácia vybraných poisťovní na Slovensku |c Elena Širá, Eva Kafková |
| 520 | |a Porovnanie 3 vybraných poisťovní pôsobiacich už niekoľko rokov na slovenskom poistnom trhu. Ide o poisťovne Allianz-Slovenská poisťovňa a.s., Kooperatíva poisťovňa, a.s. a Union poisťovňa, a.s.. Poisťovne sú hodnotené za obdobie rokov 2003 až 2007 a porovnávaný je podiel na trhu a vybrané ukazovatele finančnej analýzy. | ||
| 610 | 2 | 0 | |a ukazovatele efektívnosti |
| 610 | 2 | 0 | |a Slovensko |
| 610 | 2 | 0 | |a rezervy technické |
| 610 | 2 | 0 | |a poisťovne |
| 610 | 2 | 0 | |a analýza finančná |
| 610 | 2 | 0 | |a trh poistný |
| 100 | 1 | |a Širá, Elena | |
| 700 | 1 | |a Kafková, Eva | |